Harry Potter Characters Decoder - Statistics

General Stats
  • This quiz has been taken 44 times
  • The average score is 14 of 21
Answer Stats
Hint Person % Correct
C The real Hogwarts Champion in the Triwizard Tournament Cedric Diggory
84%
B Death Eater who impersonated Moody Barty Crouch Jr
78%
N Sister of Bellatrix Lestrange Narcissa Malfoy
78%
S Ron Weasley's rat Scabbers
78%
H Potions teacher who taught Voldemort Horace Slughorn
75%
I Death Eater Headmaster of Durmstrang Igor Karkaroff
72%
K The Black family's house-elf Kreacher
72%
L Albus Potter's Grandmother Lily Potter
72%
G DADA teacher with the most charming smile Gilderoy Lockhart
69%
L Ron's girlfriend Lavender Brown
69%
N Creator of the Philosopher's Stone Nicolas Flamel
69%
A Albus Dumbledore's sister Ariana Dumbledore
66%
U Senior Undersecretary to the Minister Dolores Umbridge
63%
E Hufflepuff Prefect Macmillan Ernie Macmillan
63%
E The Weasley family's old owl Errol
63%
P Hogwarts' nurse Poppy Pomfrey
63%
L Head of the Department of Magical Games and Sports Ludo Bagman
59%
S Teacher and Seer Sybill Trelawney
59%
A One of the Carrow siblings Amycus and Allecto
56%
SOLUTION: Phineas Nigellus Black
53%
I Hogwarts' librarian Irma Pince
44%
No matching quizzes found
Score Distribution
Percent of People with Each Score
Percentile by Number Answered
Your Score History
You have not taken this quiz